00452 2200181 4500001002100000005001500021008004100036020002200077035001900099041000700118082001100125090001600136100001700152245003000169260002200199300002400221650002500245INLIS00000000000369020241224112754241224||||||||| | ||| |||| || |  a978-979-1490-33-7 0010-1224003690 aid0 a923..3 a923.3 DAH t0 aDahlan Iskan00aTidak Ada Yang Tidak Bisa bJaring Penac2009 axiv,279 hlm.;20 cm. 0aSejarah Dan Biografi